000 00951nas a2200349 4500
001 BR2012005666
003 BR-BrBNA
005 20231205120942.0
007 ta
008 230509b bl.|||p| |||| 00| 00por d
040 _aBR-BrBNA
_bpor
_cBiblioteca Nacional de Agricultura
041 _a(Pt)
072 _aL73
100 1 _aRajão, D. de S.
100 1 _aHeinemann, M.B.
100 1 _aLeite, R.C.
100 1 _aReis, J.K.P. dos
245 1 _aLeucose enzoótica bovina
650 _aBOVINO
650 _aLEUCOSE
650 _aINFECÇÃO
650 _aTUMOR
650 _aETIOLOGIA
650 _aEPIDEMIOLOGIA
650 _aTRANSMISSÃO DE DOENÇA
650 _aSINTOMA
650 _aERRADICAÇÃO
650 _aSOROLOGIA
773 0 _tCadernos Técnicos de Veterinária e Zootecnia (Brazil)
_xISSN 1676-6024
_g(Jan 2012), no. 64 p. 60-72
_wBR2012005666
909 _a202311
_bLúcia
_c55
_dLúcia Elande
942 _2AGRIS
_n0
_cANA
999 _c221152
_d221152